000 00673nam a2200217 4500
999 _c12986
_d12986
003 MIRAKIL
005 20190319160434.0
008 190319b tu ||||| |||| 00| 0 tur d
020 _a0751517615
040 _aTR-AnCHP
_cTR-AnCHP
041 _aeng
082 _a941.0859092
_bR35t 1996
100 _aRentoul, John.
245 1 0 _aTony Blair /
_cJohn Rentoul.
260 _aLondra:
_bWarner Books,
_c1996.
300 _ax, 516 s.:
_bfotğ.;
_c20 sm.
504 _aKaynakça ve dizin vardır.
600 0 _95507
_aBlair, Tony
_cBirleşik Krallık başbakanı
_d1953-
_xyaşamöyküsü
651 0 _95280
_aBüyük Britanya
_xSiyaset ve yönetim
_y1979-1997
942 _2ddc
_cBKS